Planners called on to help fight crime (Record no. 117418)
[ view plain ]
| 000 -LEADER | |
|---|---|
| fixed length control field | 01530cam a2200289 4500 |
| 001 - CONTROL NUMBER | |
| control field | ABS67857 |
| 008 - FIXED-LENGTH DATA ELEMENTS--GENERAL INFORMATION | |
| fixed length control field | 040601n2004 000 0 eng u |
| 035 ## - SYSTEM CONTROL NUMBER | |
| System control number | (Sirsi) u126320 |
| 100 ## - MAIN ENTRY--PERSONAL NAME | |
| Personal name | Castell, B. |
| 245 ## - TITLE STATEMENT | |
| Title | Planners called on to help fight crime |
| 260 ## - PUBLICATION, DISTRIBUTION, ETC. | |
| Date of publication, distribution, etc. | 2004 |
| 490 ## - SERIES STATEMENT | |
| Series statement | Planning (for the Natural and Built Environment) |
| Volume/sequential designation | (1568) 7 May 2004, 14-15(2) |
| 520 ## - SUMMARY, ETC. | |
| Summary, etc. | Discusses new government guidance on the role of good planning practice in crime prevention and creating safer communities. "Safer places: the planning system and crime prevention" (ISBN 0727732617), a companion document to PPS1, spells out the key attributes that define safer places and provides a wide range of case studies exemplifying imaginative planning and design responses to crime problems. The guidance is also about making places match sustainable community criteria and the full set of planning objectives. The guidance is available at www.odpm.gov.uk. |
| 590 ## - LOCAL NOTE (RLIN) | |
| Local note | ABS |
| 590 ## - LOCAL NOTE (RLIN) | |
| Local note | ABS |
| 650 ## - SUBJECT ADDED ENTRY--TOPICAL TERM | |
| Topical term or geographic name entry element | LAYOUT STANDARDS |
| 650 ## - SUBJECT ADDED ENTRY--TOPICAL TERM | |
| Topical term or geographic name entry element | ROUTES |
| 650 ## - SUBJECT ADDED ENTRY--TOPICAL TERM | |
| Topical term or geographic name entry element | OWNERSHIP |
| 650 ## - SUBJECT ADDED ENTRY--TOPICAL TERM | |
| Topical term or geographic name entry element | PUBLIC SPACE |
| 650 ## - SUBJECT ADDED ENTRY--TOPICAL TERM | |
| Topical term or geographic name entry element | PLANNING POLICY STATEMENT ONE |
| 650 ## - SUBJECT ADDED ENTRY--TOPICAL TERM | |
| Topical term or geographic name entry element | SECURITY |
| 650 ## - SUBJECT ADDED ENTRY--TOPICAL TERM | |
| Topical term or geographic name entry element | CRIME PREVENTION |
| 690 ## - LOCAL SUBJECT ADDED ENTRY--TOPICAL TERM (OCLC, RLIN) | |
| Topical term or geographic name as entry element | PLANNING-PRACTICE |
| 856 ## - ELECTRONIC LOCATION AND ACCESS | |
| Uniform Resource Identifier | <a href="https://www.odpm.gov.uk/stellent/groups/odpm_planning/documents/page/odpm_plan_028449.pdf">https://www.odpm.gov.uk/stellent/groups/odpm_planning/documents/page/odpm_plan_028449.pdf</a> |
| Public note | View guidance at ODPM website... |
| 856 ## - ELECTRONIC LOCATION AND ACCESS | |
| Uniform Resource Identifier | <a href="https://www.odpm.gov.uk/stellent/groups/odpm_planning/documents/page/odpm_plan_028449.pdf">https://www.odpm.gov.uk/stellent/groups/odpm_planning/documents/page/odpm_plan_028449.pdf</a> |
| Public note | View guidance at ODPM website... |
| 942 ## - ADDED ENTRY ELEMENTS (KOHA) | |
| Suppress in OPAC | 0 |
| Withdrawn status | Lost status | Source of classification or shelving scheme | Damaged status | Not for loan | Home library | Current library | Shelving location | Date acquired | Total Checkouts | Full call number | Barcode | Date last seen | Copy number | Price effective from | Koha item type |
|---|---|---|---|---|---|---|---|---|---|---|---|---|---|---|---|
| Dewey Decimal Classification | London | London | Journal article | 01/06/2004 | ABS67857 | 126320-1001 | 06/08/2019 | 1 | 06/08/2019 | Journal article |